<?xml version="1.0" encoding="UTF-8"?>
<record
    xmlns:xsi="http://www.w3.org/2001/XMLSchema-instance"
    xsi:schemaLocation="http://www.loc.gov/MARC21/slim http://www.loc.gov/standards/marcxml/schema/MARC21slim.xsd"
    xmlns="http://www.loc.gov/MARC21/slim">

  <leader>02012nam a22001937a 4500</leader>
  <datafield tag="999" ind1=" " ind2=" ">
    <subfield code="c">291959</subfield>
    <subfield code="d">291959</subfield>
  </datafield>
  <datafield tag="082" ind1=" " ind2=" ">
    <subfield code="a">551.6</subfield>
    <subfield code="b">REN/ST PG</subfield>
  </datafield>
  <datafield tag="100" ind1=" " ind2=" ">
    <subfield code="a">Renjima, N.</subfield>
  </datafield>
  <datafield tag="245" ind1=" " ind2=" ">
    <subfield code="a">Streamflow prediction using deep learning model in southern peninsular river basin</subfield>
  </datafield>
  <datafield tag="260" ind1=" " ind2=" ">
    <subfield code="a">Vellanikkara</subfield>
    <subfield code="b">College of Climate Change and Environmental Science </subfield>
    <subfield code="c">2024</subfield>
  </datafield>
  <datafield tag="300" ind1=" " ind2=" ">
    <subfield code="a">xvi, 91 p.</subfield>
  </datafield>
  <datafield tag="502" ind1=" " ind2=" ">
    <subfield code="a">MSc.</subfield>
  </datafield>
  <datafield tag="520" ind1="3" ind2=" ">
    <subfield code="a">Half of the world's population is living under the highly water-stressed areas,
water availability and management (both in terms of quality and quantity) are going to
be challenging in coming years due to changes in rainfall characteristics and LULC.
Streamflow prediction is important for flood management, reservoir operation, and
agriculture. In the present work, we have trained and tested four data-driven machine
learning models SVM, RF, XGBOOST, and LSTM for streamflow prediction in the
hydrologically similar catchments Meenachil, and Muvattupuzha rivers, situated in
Southern Western Ghats, in the state of Kerala, India. All machine learning models
performed quite well in streamflow prediction with NSE value &gt; 0.56 in both studied
river basins. RF model was found to be outperforming other candidate&#x2019;s models for
streamflow prediction both during model training and testing periods in daily time scale
and LSTM model outperforms in monthly timescale. We have found that machine
learning performed quite well in hydrologically similar catchments once hyperparameters
are exchanged and resulted in almost similar model accuracy. Machine
learning models found to have significant potential for predictions in ungauged basins,
and thus can be tested in larger sample sets for future potential streamflow modelling
in ungauged basins
</subfield>
  </datafield>
  <datafield tag="650" ind1=" " ind2=" ">
    <subfield code="a">Streamflow prediction</subfield>
  </datafield>
  <datafield tag="650" ind1=" " ind2=" ">
    <subfield code="a">Southern peninsular river basin</subfield>
  </datafield>
  <datafield tag="650" ind1=" " ind2=" ">
    <subfield code="a">Climate Change and Environmental Science </subfield>
  </datafield>
  <datafield tag="700" ind1=" " ind2=" ">
    <subfield code="a">Rajat Kumar Sharma (Guide)</subfield>
  </datafield>
  <datafield tag="856" ind1=" " ind2=" ">
    <subfield code="u">https://krishikosh.egranth.ac.in/handle/1/5810225709</subfield>
  </datafield>
  <datafield tag="942" ind1=" " ind2=" ">
    <subfield code="2">ddc</subfield>
    <subfield code="c">TH</subfield>
  </datafield>
  <datafield tag="952" ind1=" " ind2=" ">
    <subfield code="0">0</subfield>
    <subfield code="1">0</subfield>
    <subfield code="4">0</subfield>
    <subfield code="7">1</subfield>
    <subfield code="8">TH</subfield>
    <subfield code="a">KAUCLV</subfield>
    <subfield code="b">KAUCLV</subfield>
    <subfield code="c">THESES</subfield>
    <subfield code="d">2025-04-05</subfield>
    <subfield code="l">0</subfield>
    <subfield code="o">551.6 REN/ST PG</subfield>
    <subfield code="p">176309</subfield>
    <subfield code="r">2025-04-05 00:00:00</subfield>
    <subfield code="y">TH</subfield>
  </datafield>
</record>
